000 00227nam a2200097Ia 4500
005 20251222114417.0
008 251222s1900||||xx |||||||||||||| ||spa||
082 _aDVD0090/N53/1997
245 0 _aYo, Cesar Constantino:
942 _cDVD
999 _c2265
_d2265